000 00770nam a2200217 a 4500
001 000009967
005 20240412074214.0
008 091002s1992 dr ab r 001 p spa d
040 _aDO-SdBNP
_bspa
_cBNPHU
082 _aRD861.44
_bD542a
100 1 _aDíaz Carela, Cecilio,
_d1948-
_924839
245 1 0 _aAnacaona flor de oro :
_bpoema /
_cCecilio Díaz Carela ; prólogo Joaquín R. Prieto.
260 _aSanto Domingo :
_bSharp Padilla,
_c1992.
300 _a86 p. :
_bil. ;
_c22 cm.
500 _aIncluye datos biográficos del autor en la contracubierta
590 _aInventariado, 2018/BT
650 0 _aPoesía dominicana
_966
650 0 _aLiteratura dominicana.
_967
700 1 2 _aPrieto, Joaquín R.,
_epról.
_924913
910 _aValidado. Control de calidad. MFF
999 _c9726
_d9726